Statistics for Name a Valid Country in NATO

Click here to take the quiz!

General Stats

  • This quiz has been taken 1,494 times
    (777 since last reset)
  • The average score is 18 of 20

Answer Stats

Name a Country in NATO...Country% Correct
that have nuclear weaponsFrance | United Kingdom | United States
100%
located in North AmericaCanada | United States
99%
was a member of the Warsaw PactAlbania | Bulgaria | Czech Republic | Hungary | Poland | Romania | Slovakia | Estonia | Latvia | Lithuania
97%
that isn't an EU memberAlbania | Canada | Iceland | Montenegro | Norway | Turkey | United Kingdom | United States
96%
that border FranceBelgium | Germany | Italy | Luxembourg | Spain
96%
that was part of YugoslaviaCroatia | Montenegro | North Macedonia | Slovenia
96%
That starts with LLatvia | Lithuania | Luxembourg
96%
has a population greater than 50 millionUnited States | Germany | Turkey | France | United Kingdom | Italy
96%
Has more than 100,000 in its active militaryUnited States | Turkey | France | Germany | Italy | Germany | United Kingdom | Greece | Poland
96%
that was a founding memberBelgium | Canada | Denmark | France | Iceland | Italy | Luxembourg | Netherlands | Norway | Portugal | United Kingdom | United States
95%
that uses the dollarCanada | United States
94%
which have a team that has won the Football World CupFrance | Germany | Italy | Spain | United Kingdom
94%
Has a capital beginning with BBelgium | Germany | Hungary | Romania | Slovakia
92%
has French and German as an official languageBelgium | Luxembourg
92%
is a Baltic stateEstonia | Latvia | Lithuania
92%
have signs that use mphUnited Kingdom | United States
91%
that runs through the RhineAustria | France | Germany | Netherlands
88%
which have banned plastic bagsAlbania | Belgium | France | Italy | Romania | North Macedonia
75%
that use a 'two-round' voting systemCzech Republic | France | Poland | Portugal | Romania | Slovakia | Slovenia | Turkey
74%
doesn't have a standing armyIceland
73%

Score Distribution

Percentile by Number Answered

Percent of People with Each Score

Your Score History

You have not taken this quiz since the last reset